Witamy w Bibliotece Naukowej Instytutu Łączności!

Energia i Recykling : (Rekord nr 23992)

000 -LEADER
fixed length control field 01809cas a2200601 i 4500
001 - CONTROL NUMBER
control field vtls004145832
003 - CONTROL NUMBER IDENTIFIER
control field NUKAT
005 - DATE AND TIME OF LATEST TRANSACTION
control field 20191007113013.0
008 - FIXED-LENGTH DATA ELEMENTS--GENERAL INFORMATION
fixed length control field 171017c20189999pl mr p| | |000 |0pol c
022 ## - INTERNATIONAL STANDARD SERIAL NUMBER
International Standard Serial Number 2544-4875
035 ## - SYSTEM CONTROL NUMBER
System control number xx004145832
039 #9 - LEVEL OF BIBLIOGRAPHIC CONTROL AND CODING DETAIL [OBSOLETE]
Level of rules in bibliographic description 201805101013
Level of effort used to assign nonsubject heading access points ark
Level of effort used to assign subject headings 201803251731
Level of effort used to assign classification kopumk
Level of effort used to assign subject headings 201803191204
Level of effort used to assign classification kopbpkr
Level of effort used to assign subject headings 201803051229
Level of effort used to assign classification koppgd
040 ## - CATALOGING SOURCE
Original cataloging agency WA M/AR
Transcribing agency WA M/AR
Modifying agency WA M/AR
-- KR U/SA
Language of cataloging WA 310
222 #0 - KEY TITLE
Key title Energia i Recykling
245 00 - TITLE STATEMENT
Title Energia i Recykling :
Remainder of title gospodarka obiegu zamkniętego : [miesięcznik ogólnopolski] /
Statement of responsibility, etc red. nacz. Piotr Talaga.
246 3# - VARYING FORM OF TITLE
Title proper/short title Energia Recykling
260 ## - PUBLICATION, DISTRIBUTION, ETC. (IMPRINT)
Place of publication, distribution, etc Poznań :
Name of publisher, distributor, etc Abrys,
Date of publication, distribution, etc 2018-.
300 ## - PHYSICAL DESCRIPTION
Extent 30 cm.
310 ## - CURRENT PUBLICATION FREQUENCY
Current publication frequency Mies.
336 ## - Typ zawartości
2 rdacontent
a Tekst
b txt
337 ## - Typ medium
2 rdamedia
a Bez urządzenia pośredniczącego
b n
338 ## - Typ nośnika
2 rdacarrier
a Wolumin
b nc
362 0# - DATES OF PUBLICATION AND/OR SEQUENTIAL DESIGNATION
Dates of publication and/or sequential designation 2018, numer 1 = 1-.
500 ## - GENERAL NOTE
General note Tyt.wg okł.
515 ## - NUMBERING PECULIARITIES NOTE
Numbering peculiarities note Numer sygnalny oznaczony jako wrzesień 2017.
580 ## - LINKING ENTRY COMPLEXITY NOTE
Linking entry complexity note Powstał z połączenia czasopism: Czysta Energia i Recykling.
951 ## - EQUIVALENCE OR CROSS-REFERENCE-GEOGRAPHIC NAME/AREA NAME [OBSOLETE] [CAN/MARC only]
Geographic name KIEL_010
700 1# - ADDED ENTRY--PERSONAL NAME
Personal name Talaga, Piotr
Dates associated with a name (1967- ).
Relator term Red.
710 2# - ADDED ENTRY--CORPORATE NAME
Corporate name or jurisdiction name as entry element ABRYS (Poznań).
Relator code pbl
780 00 - PRECEDING ENTRY
Title Czysta Energia
Relationship information 2001-2017
International Standard Serial Number 1643-126X
Record control number zz2002965067
780 00 - PRECEDING ENTRY
Title Recykling
Relationship information 2001-2017
International Standard Serial Number 1731-9927
Record control number zz2002965069
982 ## - EQUIVALENCE OR CROSS-REFERENCE-SERIES STATEMENT--CONFERENCE OR MEETING NAME/TITLE [LOCAL, CANADA]
Meeting name or jurisdiction name as entry element BYDG_22
942 ## - ADDED ENTRY ELEMENTS (KOHA)
Source of classification or shelving scheme
Item type Wydawnictwa ciągłe
960 ## - PHYSICAL LOCATION (RLIN)
Physical location, PLOC (RLIN) GD_U
967 ## - ADDITIONAL ESTC CODES (RLIN)
GNR (RLIN) LUBL_U
980 ## - EQUIVALENCE OR CROSS-REFERENCE-SERIES STATEMENT--PERSONAL NAME/TITLE [LOCAL, CANADA]
Personal name SZCZ_ZUT
Egzemplarze
Withdrawn status Lost status Source of classification or shelving scheme Damaged status Not for loan Permanent location Current location Shelving location Date acquired Serial Enumeration / chronology Inventory number Total Checkouts Full call number Barcode Checked out Date last seen Date last borrowed Price effective from Koha item type Public note
          Instytut Łączności Instytut Łączności Magazyn 2018-05-25 2018:nr 1-12 J POL 014 1 J POL 014 J POL 014/18 2018-12-01 2018-05-25 2018-05-25 2018-05-25 Wydawnictwa ciągłe wypożyczony nr 1-12/2018
          Instytut Łączności Instytut Łączności Magazyn 2018-05-25 2019:nr 1-12=nr 13 -24 J POL 014 1 J POL 014 J POL 014/19 2019-12-28 2019-01-28 2019-01-28 2018-05-25 Wydawnictwa ciągłe wypożyczony nr 1-12/2019
          Instytut Łączności Instytut Łączności Magazyn 2018-05-25 2020:nr 1-12=nr 25-36 J POL 014 1 J POL 014 J POL 014/20 2020-12-31 2020-01-22 2020-01-22 2018-05-25 Wydawnictwa ciągłe wypożyczony nr 1-12/2020
          Instytut Łączności Instytut Łączności Magazyn 2018-05-25 2021:nr 1-12=37-48 J POL 014 1 J POL 014 J POL 014/21 2021-01-25 2021-01-25 2021-01-25 2018-05-25 Wydawnictwa ciągłe wypożyczony nr 1-12/2021
          Instytut Łączności Instytut Łączności Magazyn 2018-05-25 2022:nr 1-12=49-60 J POL 014 2 J POL 014 J POL 014/22 2022-01-26 2022-01-26 2022-01-26 2018-05-25 Wydawnictwa ciągłe wersja online i papierowa wypożyczony nr 1-12/2022
          Instytut Łączności Instytut Łączności Magazyn 2018-05-25 2023:nr 1-12=61-72 J POL 014 1 J POL 014/23 J POL 014/23 2023-01-16 2023-01-16 2023-01-16 2023-01-01 Wydawnictwa ciągłe wersja online i papierowa wypożyczony nr 1-12/23

Działa dzięki Koha